| 000 | 00376cam a2200145ua 4500 | ||
|---|---|---|---|
| 041 |
_aeng _h |
||
| 082 |
_a828.09 _bPRI/LI |
||
| 100 | _aPriestely, J B . | ||
| 245 |
_aLiterature and western man / _cJ B Priestly. _hTextual Documents |
||
| 260 |
_aLondon : _bHeinemann Educational Books Ltd. , _c1960. |
||
| 300 | _a512 ; . | ||
| 504 | _a | ||
| 942 | _cBK | ||
| 999 |
_c5359 _d5359 |
||